Normal view
MARC view
- Kulkarni Prajakta
Entry Personal Name
001 - CONTROL NUMBER
- control field: 209005
003 - CONTROL NUMBER IDENTIFIER
- control field: OSt
005 - DATE AND TIME OF LATEST TRANSACTION
- control field: 20241105200513.0
008 - FIXED-LENGTH DATA ELEMENTS
- fixed length control field: 241105|| aca||aabn | a|a d
040 ## - CATALOGING SOURCE
- Original cataloging agency: OSt
- Transcribing agency: OSt
100 ## - HEADING--PERSONAL NAME
- Personal name: Kulkarni Prajakta
670 ## - SOURCE DATA FOUND
- Source citation: Work cat.: (OSt)361680: Nandurkar Priyanka. 183186, Design Framework For Sustainable Swm For Bharuch., 2018